000
00304nam a22001217a 4500
020
_a
0596100078
082
_2
22
_a
005.2762
100
_a
Richards, Norman and Griffith, Sam.
245
_a
JBOSS :
_b
a developer's notebook /
260
_a
NA
_b
NA
_c
c2005.
300
_a
xix, 149 p. ;
_b
ill. ;
942
_2
ddc
_c
IT
999
_c
4247
_d
4247